000 00244nam a2200109 a 4500
008 101208s1984|||| d
245 1 0 _aKorint a Argolis
260 _bTatran
_aBratislava
_c1984
020 _c70
041 _aslo
044 _axo
_cSK
999 _c14918
_d14918